The management of safety in shipping : operations and quality assurance

Αποθηκεύτηκε σε:
Λεπτομέρειες βιβλιογραφικής εγγραφής
Συγγραφή απο Οργανισμό/Αρχή: The Nautical Institute
Άλλοι συγγραφείς: Sanders, David J. (Επιμελητής έκδοσης)
Μορφή: Βιβλίο
Γλώσσα:English
Δημοσίευση: London : The Nautical Institute, 1991
Θέματα:
Ετικέτες: Προσθήκη ετικέτας
Δεν υπάρχουν, Καταχωρήστε ετικέτα πρώτοι!

MARC

LEADER 00000cam a2200000 i 4500
001 1/66331
008 980909s1991 eng d
020 |a 1870077083 
035 |l 10029800 
040 |a GR-MY-UA  |b gre  |e aacr 
041 0 |a eng 
082 0 |a 341.75665 
245 1 4 |a The management of safety in shipping :  |b operations and quality assurance /  |c [edited by David J. Sanders, Ex.C. FNI, and compiled by C.J. Parker, BSc, FNI under the general direction of The Ship Safety Working Group of the Nautical Institute] 
260 |a London :   |b The Nautical Institute,   |c 1991 
300 |a 240 p. 
504 |a Includes appendix 
650 0 0 |a Shipping  |x Safety measures. 
650 0 0 |a Ships  |x Safety regulations. 
700 1 |a Sanders, David J.  |4 edt 
710 2 |a The Nautical Institute. 
852 |a INST  |b CHIOS  |e 19980909  |h 341.75665 MAN  |p 005200015602  |q 005200015602  |t BK  |y 0 
852 |a INST  |b CHIOS  |e 20000419  |h 341.75665 MAN  |p 005200018395  |q 005200018395  |t BK  |y 0 
901 |a BIBL-1998-3 
909 |a Χ  |b 074698 
909 |a Χ  |b 054864 
922 |a 2ΕΛΗ  |b 199809  |c ΤΝΕΥ  |d ΜΑΝΤΑΡΑΚΗΣ 
970 |z 2000/04/ΜΙΧΑΗΛΙΔΟΥ ΑΝΝΑ